000 00317nam a22001337a 4500
003 SGT
020 _a9788171327867
082 _a630.715082,KHA
100 _aKHARDE,PANDIT B.
245 _aEXTENSION TEACHING METHODS FOR FARM WOMEN
260 _aJAIPUR
_bPOINTER PUBLISHARS
_c2022
300 _a110
942 _2ddc
_cBK
999 _c33666
_d33666